Tram di Palermo - Statistics

Statistiche generali
  • Questo quiz è stato fatto 16 volte
  • Il punteggio medio è 14 su 44
Statistiche sulle risposte
Risposta % Corretto
Stazione Centrale
100%
Notarbartolo
89%
Roccella
78%
CEP
67%
Giotto/Migliaccio
56%
Pollaci/Calatafimi
56%
Ponte Ammiraglio
56%
Amedeo d'Aosta
44%
Michelangelo
44%
Michelangelo/Castellana
44%
Parco Uditore
44%
Sperone
44%
Campo Ribolla
33%
Casalini
33%
Einstein
33%
Emiri Est
33%
Emiri Ovest
33%
Galilei/Pacinotti
33%
Perpignano Est
33%
Perpignano Ovest
33%
Portello/Zisa
33%
Respighi/Piazza Ziino
33%
Ruggeri
33%
XXVII Maggio
33%
Di Vittorio
22%
Ingrassia
22%
Laudicina
22%
Missori
22%
Modica
22%
Pagano/La Loggia
22%
Piazza Santa Cristina
22%
Pitrè Est
22%
Pitrè Ovest
22%
Tiro a Segno
22%
Beato Angelico
11%
Bione
11%
Di Giorgi/Di Blasi
11%
Reber
11%
San Giovanni dei Lebbrosi
11%
Scobar
11%
Settembrini/Di Blasi
11%
Uscibene
11%
Piazza San Paolo
0%
San Giorgio
0%
Nessun quiz corrispondente trovato
Distribuzione punteggi
Percentuale di utenti per punteggio
Percentile per numero di risposta
I tuoi punteggi nel tempo
Non hai fatto questo quiz